000 00932cam a2200289 a 4500
001 16658687
003 OSt
005 20150408114013.0
008 110218s2012 maua 001 0 eng
010 _a 2011004216
020 _a9780321732590 (pbk.)
020 _a0321732596
040 _aDLC
_cDLC
_dDLC
042 _apcc
050 0 0 _aRC86.7
_b.H339 2012
082 0 0 _a616.0252
_222
245 0 0 _aFirst aid for colleges and universities /
_cKeith J. Karren ... [et al.].
250 _a10th ed.
260 _aBoston :
_bBenjamin Cummings,
_cc2012.
300 _axx, 530 p. :
_bcol. ill. ;
_c28 cm.
500 _aIncludes index.
650 0 _aFirst aid in illness and injury.
650 0 _aEmergency medicine.
_95295
700 1 _aKarren, Keith J.
_910615
942 _2ddc
_cBOOK
999 _c21428
_d255928